000 01892cam a22006014i 4500
003 PE-LiUPU
005 20250731170416.0
008 150623s1995 tnu rb 000 0 eng d
020 _a0805462651
020 _a9780805462654
035 _a(Sirsi) i9780805462654
040 _aPE-LiUPU
_bspa
_cPE-LiUPU
_dPE-LiUPU
_erda
049 _aPRUA
082 0 4 _a174.2
_bL57
_221
100 1 _aLand, Richard D.,
_eautor.
245 1 0 _aLife at risk: the crises in medical ethics /
_cRichard D. Land.
264 1 _aNashville, Tennessee :
_bBroadman & Holman Publishers,
_c1995.
300 _a287 páginas ;
_c23 centímetros
336 _atext
_2rdacontent
337 _aunmediated
_2rdamedia
338 _avolume
_2rdacarrier
504 _aReferencias bibliográficas al final de cada capítulo.
505 0 _aCrisis at the beginning -- Human genetics -- Crisis at the end of life -- Crisis for people of life.
526 _aSEG68
526 _aSEG70
526 _aSEG69
526 _aSEG67
526 _aSEG43
526 _aP144
526 _aP143
526 _aP131
526 _aP122
526 _aP120
526 _aP117
526 _aP112
526 _aP110
526 _aP106
526 _aP101
526 _aP80
526 _aP59
526 _aP54
526 _aP35
526 _aP33
526 _aP30
650 0 4 _aÉtica cristiana.
_91047
650 0 4 _aÉtica medica.
942 _2ddc
_cBOOK
949 _a174.2 L57
_wDEWEY
_c1
_i45338
_lCCODEBUL1
_mBUL
_r0
_sY
_tBOOK
_u2015-6-24
_xTEOLOGIA
_PP35
_0COMPRA
_o.STAFF. Colección Ciencias de la Salud
994 _aC0
_bPEPRU
596 _a1
999 _a174.2 L57
_wDEWEY
_c22199
_i45338
_f2021-11-3
_g5
_lCCODEBUL1
_mBUL
_p25.00
_r0
_sY
_tBOOK
_u2015-6-24
_xSALUD
_zP35
_0COMPRA
_o.STAFF. Colección Ciencias de la Salud
_d22199
980 _81
_gALBERTO SANCHEZ Responsable de Automatización